Estudio de mejoramiento físico químico de los suelos en tres unidades productivas para el cultivo del maíz (Zea Mays) en la comunidad de Nandayosis, municipio de Villa Carlos Fonseca, departamento de Managua

El presente trabajo se desarrolló en tres unidades productivas en la comunidad de Nandayosis, Municipio de Villa Carlos Fonseca, Departamento de Managua. Cada finca tiene extensiones diferentes: Los Reyes tiene un área de 1.93 ha equivalente a 2.7 mz, El progreso tiene 0.67 ha equivalente a 1 mz y...

Full description

Bibliographic Details
Main Authors: Suazo Gómez, Darwin Osmarck, Vega Artola, Marcos Antonio
Other Authors: Tutor: Acevedo, Guillermo
Format: Tesis Section = Libro
Language:Undetermined
Spanish
Published: Managua UNI 2020
Subjects:
LEADER 01451nam a2200265Ia 4500
008 240830s9999 xx 000 0 und d
040 |a BIBLIOTECA-RUPAP Mon 631.4 S939 
041 |a spa 
082 |a Mon 631.4 S939 
100 1 |a Suazo Gómez, Darwin Osmarck 
100 1 |b  Vega Artola, Marcos Antonio 
245 1 0 |a Estudio de mejoramiento físico químico de los suelos en tres unidades productivas para el cultivo del maíz (Zea Mays) en la comunidad de Nandayosis, municipio de Villa Carlos Fonseca, departamento de Managua 
260 |a Managua  |b UNI  |c 2020 
300 |a 89 p. :il. 
500 |a Contiene: anexos y CD. 
502 |a Tesis (Ingeniero Agrícola)- UNI, 2020. 
520 3 |a El presente trabajo se desarrolló en tres unidades productivas en la comunidad de Nandayosis, Municipio de Villa Carlos Fonseca, Departamento de Managua. Cada finca tiene extensiones diferentes: Los Reyes tiene un área de 1.93 ha equivalente a 2.7 mz, El progreso tiene 0.67 ha equivalente a 1 mz y El paraíso 0.8 ha equivalente a 1.1 mz. Se realizó en coordinación y bajo asesoría del ing. Victorino Blandón del Instituto Nacional de Tecnología Agropecuaria (INTA) 
650 7 |a ESTUDIO FISICO-QUIMICO DE SUELOS 
650 7 |b SUELOS-CLASIFICACION 
650 7 |c PROPIEDADES FISICAS-QUIMICAS DE LOS SUELOS 
650 7 |d FERTILIZANTES QUIMICOS 
700 1 |a Tutor:  |b Acevedo, Guillermo 
942 |c BK  |2 ddc 
991 |a TESIS 
999 |c 16644